[Event "Titled Tuesday intern op 18th Oct Early"]
[Site "Chess.com INT"]
[Date "2022.10.18"]
[Round "7"]
[White "Przybylski, Wojciech"]
[Black "Torres Bosch, Jose Francisco"]
[Result "1-0"]
[WhiteElo "2321"]
[BlackElo "2173"]
[PlyCount "77"]
[EventDate "2022.10.18"]
[EventType "swiss (blitz)"]
[EventRounds "11"]
[EventCountry "USA"]
[SourceTitle "EXT 2024"]
[Source "ChessBase"]
[SourceDate "2023.10.10"]
[SourceVersion "1"]
[SourceVersionDate "2023.10.10"]
[SourceQuality "1"]

1. e4 e5 2. Nf3 Nc6 3. d4 exd4 4. Nxd4 Nf6 5. Nxc6 bxc6 6. e5 Qe7 7. Qe2 Nd5 8. c4 Nb6 9. Nc3 Bb7 10. f4 0-0-0 11. Bd2 f6 12. 0-0-0 fxe5 13. fxe5 Re8 14. Re1 g6 15. e6 d5 16. cxd5 cxd5 17. Nb5 a6 18. Nd4 Bg7 19. Nf3 Nc4 20. Bc3 Bxc3 21. bxc3 Qa3+ 22. Kb1 Qxc3 23. a4 Kb8 24. Qf2 Qb3+ 25. Ka1 Na3 26. Rc1 Rxe6 27. Qb2 Qxa4 28. Qxh8+ Ka7 29. Qd4+ Qxd4+ 30. Nxd4 Rf6 31. Bd3 Kb6 32. Rhd1 c5 33. Nb3 c4 34. Nd4 cxd3 35. Rxd3 Nc4 36. Rb3+ Kc7 37. Nc2 Bc6 38. Ne3 Bb5 39. Nxd5+ 1-0

[Event "Titled Tuesday intern op 18th Oct Late"]
[Site "Chess.com INT"]
[Date "2022.10.18"]
[Round "11"]
[White "Sailer, Mike L"]
[Black "Torres Bosch, Jose Francisco"]
[Result "1-0"]
[WhiteElo "2109"]
[BlackElo "2173"]
[PlyCount "43"]
[EventDate "2022.10.18"]
[EventType "swiss (blitz)"]
[EventRounds "11"]
[EventCountry "USA"]
[SourceTitle "EXT 2024"]
[Source "ChessBase"]
[SourceDate "2023.10.10"]
[SourceVersion "1"]
[SourceVersionDate "2023.10.10"]
[SourceQuality "1"]

1. d4 Nf6 2. Bf4 e6 3. Nc3 Bb4 4. e3 Ne4 5. Nge2 c5 6. f3 Nxc3 7. bxc3 Ba5 8. dxc5 0-0 9. Bd6 Re8 10. g3 b6 11. Bg2 Na6 12. f4 Nc7 13. Bxc7 Qxc7 14. Bxa8 d5 15. c6 Ba6 16. Bb7 Bxb7 17. cxb7 Bxc3+ 18. Nxc3 Qxc3+ 19. Kf2 e5 20. Qd3 Qc6 21. fxe5 Rxe5 22. b8Q+ 1-0

[Event "Titled Tuesday intern op 18th Oct Early"]
[Site "Chess.com INT"]
[Date "2022.10.18"]
[Round "3"]
[White "Torres Bosch, Jose Francisco"]
[Black "Al Hosani, Omran"]
[Result "1-0"]
[WhiteElo "2173"]
[BlackElo "2262"]
[PlyCount "143"]
[EventDate "2022.10.18"]
[EventType "swiss (blitz)"]
[EventRounds "11"]
[EventCountry "USA"]
[SourceTitle "EXT 2024"]
[Source "ChessBase"]
[SourceDate "2023.10.10"]
[SourceVersion "1"]
[SourceVersionDate "2023.10.10"]
[SourceQuality "1"]

1. e4 c5 2. Nf3 Nc6 3. d4 cxd4 4. Nxd4 Nf6 5. Nc3 e5 6. Ndb5 d6 7. Bg5 a6 8. Na3 Be6 9. Nc4 Be7 10. Bxf6 Bxf6 11. Nxd6+ Kf8 12. Nc4 Qd4 13. Ne3 Rd8 14. Bd3 Qb4 15. 0-0 Qxb2 16. Ncd5 Qd4 17. Nxf6 gxf6 18. Qh5 Ke7 19. a4 Nb4 20. Rab1 Rd7 21. Rb3 Kd8 22. Nf5 Bxf5 23. Qxf5 Ke7 24. Rfb1 a5 25. Bf1 Qa7 26. c3 Nc6 27. Bb5 Rhd8 28. h4 Qc5 29. Bxc6 bxc6 30. Rb7 Qd6 31. Qxh7 Qd3 32. Qf5 Qxc3 33. h5 Qd2 34. R1b6 Qh6 35. Rxd7+ Rxd7 36. Rxc6 Qg7 37. Kh2 Qh6 38. Ra6 Rd2 39. f3 Kf8 40. Rxf6 Qg7 41. Rg6 Qh7 42. Ra6 Qxf5 43. exf5 Rd5 44. Kg3 Kg7 45. Kg4 Rd4+ 46. Kg5 Rxa4 47. h6+ Kh7 48. Rf6 Ra2 49. Rxf7+ Kh8 50. g4 Rb2 51. Kg6 Rb8 52. Ra7 Rb6+ 53. f6 Rb8 54. Rxa5 Rg8+ 55. Kh5 e4 56. g5 exf3 57. g6 f2 58. Rf5 Re8 59. Rxf2 Re5+ 60. Kg4 Re4+ 61. Rf4 Re5 62. Rf5 Re4+ 63. Kg5 Re1 64. g7+ Kh7 65. f7 Re8 66. Kf4 Ra8 67. g8Q+ Rxg8 68. fxg8Q+ Kxg8 69. Kg5 Kh7 70. Ra5 Kh8 71. Kg6 Kg8 72. Ra8# 1-0

[Event "Titled Tuesday intern op 18th Oct Early"]
[Site "Chess.com INT"]
[Date "2022.10.18"]
[Round "6"]
[White "Torres Bosch, Jose Francisco"]
[Black "Mendez Fortes, Eduardo Jesus"]
[Result "1/2-1/2"]
[WhiteElo "2173"]
[BlackElo "2250"]
[PlyCount "181"]
[EventDate "2022.10.18"]
[EventType "swiss (blitz)"]
[EventRounds "11"]
[EventCountry "USA"]
[SourceTitle "EXT 2024"]
[Source "ChessBase"]
[SourceDate "2023.10.10"]
[SourceVersion "1"]
[SourceVersionDate "2023.10.10"]
[SourceQuality "1"]

1. e4 e5 2. Nf3 Nc6 3. Bb5 Nf6 4. d3 Bc5 5. Nbd2 d6 6. 0-0 0-0 7. Nc4 a6 8. Bxc6 bxc6 9. Be3 Ba7 10. Bxa7 Rxa7 11. h3 c5 12. a4 Be6 13. Ne3 Nd7 14. Qd2 Rb7 15. b3 Rb4 16. Rfe1 Qf6 17. Nc4 Bxc4 18. dxc4 Qe6 19. Rad1 h6 20. Nh2 Rbb8 21. Nf1 f5 22. exf5 Qxf5 23. Ng3 Qf7 24. Re3 Nf6 25. Rf3 Qe6 26. Qe3 Rbe8 27. Ne4 Nh5 28. Rxf8+ Rxf8 29. Nc3 Nf4 30. Nd5 Nxd5 31. cxd5 Qg6 32. Qe2 Rf4 33. Rd3 c4 34. Rg3 Qe4 35. Qxe4 Rxe4 36. Rc3 cxb3 37. cxb3 Rb4 38. Rxc7 Rxb3 39. Rc6 a5 40. Rxd6 Rb4 41. Re6 e4 42. d6 Kf7 43. d7 Rd4 44. Rxe4 Rxd7 45. Re5 Ra7 46. Rb5 Kf6 47. Kh2 g5 48. Kg3 Kg6 49. h4 gxh4+ 50. Kxh4 Rf7 51. Kg3 Ra7 52. f4 Kf6 53. Kg4 Rg7+ 54. Kf3 Ra7 55. Rb6+ Kg7 56. g4 Rc7 57. Rb5 Rc3+ 58. Kg2 Rc4 59. Rxa5 Rxf4 60. Kg3 Rb4 61. Kh4 Rb6 62. Kh5 Rb7 63. Rb5 Re7 64. a5 Re1 65. Kh4 Ra1 66. Rb7+ Kg6 67. Rb6+ Kg7 68. a6 Ra5 69. Rb7+ Kg6 70. a7 Ra3 71. Rb6+ Kg7 72. Rb7+ Kg6 73. Rc7 Ra4 74. Kg3 Kg5 75. Kf3 Ra3+ 76. Ke2 Kxg4 77. Rg7+ Kf5 78. Kf2 h5 79. Rf7+ Kg4 80. Rg7+ Kh3 81. Rh7 h4 82. Rg7 Kh2 83. Rh7 h3 84. Rg7 Ra2+ 85. Kf3 Kh1 86. Kg3 h2 87. Kf3 Ra3+ 88. Kf2 Ra2+ 89. Kf3 Ra1 90. Kf2 Ra2+ 91. Kf3 1/2-1/2

[Event "Titled Tuesday intern op 18th Oct Late"]
[Site "Chess.com INT"]
[Date "2022.10.18"]
[Round "6"]
[White "Torres Bosch, Jose Francisco"]
[Black "Papp, Petra"]
[Result "1-0"]
[WhiteElo "2173"]
[BlackElo "2336"]
[PlyCount "61"]
[EventDate "2022.10.18"]
[EventType "swiss (blitz)"]
[EventRounds "11"]
[EventCountry "USA"]
[SourceTitle "EXT 2024"]
[Source "ChessBase"]
[SourceDate "2023.10.10"]
[SourceVersion "1"]
[SourceVersionDate "2023.10.10"]
[SourceQuality "1"]

1. e4 e5 2. Nf3 Nc6 3. Bb5 a6 4. Ba4 Nf6 5. 0-0 b5 6. Bb3 Bc5 7. a4 Rb8 8. c3 d6 9. d4 Bb6 10. a5 Ba7 11. h3 h6 12. Be3 0-0 13. Re1 Re8 14. dxe5 dxe5 15. Qxd8 Rxd8 16. Bxa7 Nxa7 17. Nxe5 Be6 18. Bxe6 fxe6 19. Nf3 c5 20. e5 Nd5 21. Nbd2 Nc6 22. Ne4 c4 23. Nc5 Nf4 24. Nxa6 Ra8 25. Nc7 Rxa5 26. Rxa5 Nxa5 27. g3 Nd3 28. Re2 b4 29. Nxe6 Ra8 30. Nc7 Nc6 31. Nxa8 1-0